000 01128nam a2200313 i 4500
001 bg
003 BPK
005 20191223134931.0
008 030304s2003 pl a f f |001 0 pol
015 _aPB 2003/4058
020 _a8372250898
040 _aWA N
_cBPK
041 0 _apol
080 _a330.43
080 _a(075.8)
100 1 _aMarcinkowska-Lewandowska, Wanda.
245 1 0 _aEkonometria w zadaniach i ćwiczeniach dla studiów ekonomicznych, zaocznych i wieczorowych /
_cWanda Marcinkowska-Lewandowska, Joanna Plebaniak, Maria Podgórska.
250 _aWyd. 3.
260 _aWarszawa :
_bSzkoła Główna Handlowa. Oficyna Wydawnicza,
_c2003.
300 _a231, [1] s. :
_bil. ;
_c24 cm.
504 _aBibliogr. Indeks.
655 4 _aPodręczniki akademickie
650 4 _aEkonometria
700 1 _aPlebaniak, Joanna.
710 2 _aSzkoła Główna Handlowa w Warszawie.
_bOficyna Wydawnicza.
_4pbl.
700 1 _aPodgórska, Maria
_eAutor
856 4 1 _uhttp://koha.tu.koszalin.pl/cgi-bin/koha/opac-detail.pl?biblionumber=43423
_yKatalog online BPK
942 _2UKD
_cKS
999 _c43423
_d43423